Normal view
MARC view
Entry Personal Name
001 - CONTROL NUMBER
- control field: 765185
003 - CONTROL NUMBER IDENTIFIER
- control field: OSt
005 - DATE AND TIME OF LATEST TRANSACTION
- control field: 20250508154209.0
008 - FIXED-LENGTH DATA ELEMENTS
- fixed length control field: 250508|| aca||aabn | a|a d
040 ## - CATALOGING SOURCE
- Original cataloging agency: OSt
- Transcribing agency: OSt
100 ## - HEADING--PERSONAL NAME
- Personal name: Kutner Bernard
670 ## - SOURCE DATA FOUND
- Source citation: Work cat.: (OSt)1348466: Kutner Bernard, Psychological monographs: General and applied: Patterns of mental functioning associated with prejudice in children, 1958
